Principles of environmental science: (Record no. 17166)

MARC details
000 -LEADER
fixed length control field 00895nam a22002537a 4500
005 - DATE AND TIME OF LATEST TRANSACTION
control field 20081021103355.0
008 - FIXED-LENGTH DATA ELEMENTS--GENERAL INFORMATION
fixed length control field 081021t xxu||||| |||| 00| 0 eng d
010 ## - LIBRARY OF CONGRESS CONTROL NUMBER
LC control number ENG-84204
020 ## - INTERNATIONAL STANDARD BOOK NUMBER
International Standard Book Number 0070647720
020 ## - INTERNATIONAL STANDARD BOOK NUMBER
Terms of availability 299.00
035 ## - SYSTEM CONTROL NUMBER
System control number EN-67737
082 ## - DEWEY DECIMAL CLASSIFICATION NUMBER
Classification number 363.7
100 ## - MAIN ENTRY--PERSONAL NAME
Personal name Cunningham, William P
245 ## - TITLE STATEMENT
Title Principles of environmental science:
Remainder of title inquiry and applications /
Statement of responsibility, etc by William P Cunningham and Mary Ann Cunningham
250 ## - EDITION STATEMENT
Edition statement 4th ed
260 ## - PUBLICATION, DISTRIBUTION, ETC. (IMPRINT)
Place of publication, distribution, etc New Delhi
Name of publisher, distributor, etc Tata McGraw-Hill Publishing
260 ## - PUBLICATION, DISTRIBUTION, ETC. (IMPRINT)
Date of publication, distribution, etc 2007
300 ## - PHYSICAL DESCRIPTION
Extent xxii, 410p
Other physical details ill
Dimensions 28cm
500 ## - GENERAL NOTE
General note Includes index
650 ## - SUBJECT ADDED ENTRY--TOPICAL TERM
Topical term or geographic name as entry element Environmental sciences
700 ## - ADDED ENTRY--PERSONAL NAME
Personal name Cunningham, Mary Ann
Titles and other words associated with a name jt.auth
942 ## - ADDED ENTRY ELEMENTS (KOHA)
Source of classification or shelving scheme Dewey Decimal Classification
Koha item type English Books
Classification part 363.7
Call number suffix CUN
Holdings
Withdrawn status Lost status Source of classification or shelving scheme Damaged status Not for loan Home library Current library Date acquired Cost, normal purchase price Total Checkouts Full call number Barcode Date last seen Cost, replacement price Price effective from Koha item type
    Dewey Decimal Classification   Not For Loan D.B.Act.Division D.B.Act.Division 27/02/2007 299.00   363.7 CUN EN-67737 21/10/2008 299.00 21/10/2008 English Books

© Delhi Public Library
Hit Counter
free hit counter